Teaching of Jesus (Record no. 6385)

MARC details
000 -LEADER
fixed length control field 00590nam a2200241 a 4500
020 ## - INTERNATIONAL STANDARD BOOK NUMBER
ISBN 0877849
082 00 - DEWEY DECIMAL CLASSIFICATION NUMBER
Classification number 230
Author Cutter AND
100 ## - MAIN ENTRY--AUTHOR NAME
Author name Anderson, Norman
245 ## - TITLE STATEMENT
Title Teaching of Jesus
260 ## - PUBLICATION, DISTRIBUTION, ETC. (IMPRINT)
Place of publication Leicester
Name of publisher Inter Varsity Press
Year of publication 1983
300 ## - PHYSICAL DESCRIPTION
Number of Pages 219p
500 ## - GENERAL NOTE
General note includes index and biblioraphy
505 2# - FORMATTED CONTENTS NOTE
Formatted contents note Index
650 ## - SUBJECT ADDED ENTRY--TOPICAL TERM
Topical Term Jesus Christ-Teachings
942 ## - ADDED ENTRY ELEMENTS (KOHA)
Koha item type Books
700 1# -
-- Anderson, Norman
Holdings
Collection code Home library Current library Date acquired Cost, normal purchase price Full call number Accession Number Koha item type
  Henry Martyn Institute Library Henry Martyn Institute Library 06/22/2007 340.55 230 AND 014395 Books
                   Copyright © 2026 | Henry Martyn Institute | Hyderabad | TS-500052 | INDIA | Implemented by hmi.edu.in
Hit-Count:

Powered by Koha